Movies Quiz

Random Movies or Disney Quiz

Disney Animated Classics (Redux) Quiz Stats

Quiz Updated Mar 4, 2016

Challenge
Share
Tweet
Embed
Score 0/56 Timer 05:00
13 Plays Today
% Correct
???
38.8%
???
38.6%
???
38.5%
???
38.4%
???
38.4%
???
38.4%
???
38.4%
???
38.1%
???
38.1%
???
38%
???
38%
???
38%
???
37.7%
???
37.6%
???
37.2%
???
37.1%
???
36.3%
???
36.2%
???
36.1%
???
36.1%
???
36%
???
35.4%
???
35.3%
???
34.8%
???
34.2%
???
31.9%
???
31.5%
???
31.2%
% Correct
???
31%
???
30.8%
???
30.7%
???
30.2%
???
30.2%
???
30.1%
???
29.5%
???
28.6%
???
26.2%
???
26.2%
???
25.9%
???
24.9%
???
24.4%
???
24%
???
22.6%
???
21.5%
???
19.4%
???
17.3%
???
16.6%
???
16.1%
???
15%
???
14.9%
???
14.8%
???
14.4%
???
14.3%
???
14.2%
???
14%
???
13.5%

You're not logged in!

Compare scores with friends on all Sporcle quizzes.
Sign Up with Email
OR
Log In

You Might Also Like...

Show Comments

Extras

Top Quizzes Today


Score Distribution

Your Account Isn't Verified!

In order to create a playlist on Sporcle, you need to verify the email address you used during registration. Go to your Sporcle Settings to finish the process.